000 00304nam a22001337a 4500
008 170203b xxu||||| |||| 00| 0 eng d
020 _a0826185800
041 _aeng
080 _a61
100 _a3
101 _aSHM
245 _aKEY ASPECTS OF CARING FOR THE ACUTELLY ILL
_cFUNK, S.G
942 _2udc
_cBK
999 _c4452
_d4452